History of Brasil

Wedi'i Gadw mewn:
Manylion Llyfryddiaeth
Prif Awdur: Southey, Robert (Awdur)
Fformat: Llyfr
Iaith:Saesneg
Cyhoeddwyd: Londres Longman, Hurst, Reed and Orme, Paternoster-row 1810
Rhifyn:1a. ed
Pynciau:
Tagiau: Ychwanegu Tag
Dim Tagiau, Byddwch y cyntaf i dagio'r cofnod hwn!

MARC

LEADER 00000nam a2200000 a 4500
001 UCJ6524
003 CL-VaPUC
008 070124e18100000UK |||||||||||||||||eng|d
082 0 4 |a 981  |b SOU  |2 21 
100 0 |a Southey, Robert  |e author  |9 513306 
245 1 0 |a History of Brasil 
250 |a 1a. ed 
300 |a 3 v 
942 |c BK 
945 |d 20070124 00:00:00  |a rinostro 
260 |a Londres  |b Longman, Hurst, Reed and Orme, Paternoster-row  |c 1810 
500 |a Los tres vol.: 4§ mayor media pasta tafilete.- 2 h. en b.- Port.- v. en b.- Dedicatoria.- Apostillado.- Front. v.2, mapa de América del Sur, excepto el extremo Sur de Chile y Argentina 
600 0 7 |a COMPAÑIA HOLANDESA DE LAS INDIAS  |2 CL-VaPUC  |9 513307 
600 0 7 |a ABREU, ANTONIO FERNANDEZ DE  |2 CL-VaPUC  |9 513308 
600 0 7 |a ACUÑA, CRISTOBAL DE  |2 CL-VaPUC  |9 513309 
600 0 7 |a ALBUQUERQUE MARANHAM, ANTONIO DE  |2 CL-VaPUC  |9 513310 
600 0 |a Núñez Cabeza de Vaca, Alvar,  |d 1459-1560  |9 513311 
650 0 |a Descubrimientos geográficos  |9 331933 
650 0 |a Viajes  |9 257115 
650 0 |a Aborígenes  |9 329972 
650 0 |a Cultura  |9 269059 
650 0 |a Esclavos  |9 258558 
650 7 |a FRANCESES  |2 CL-VaPUC  |9 445469 
650 7 |a HOLANDESES  |2 CL-VaPUC  |9 504311 
650 7 |a INGLESES  |2 CL-VaPUC  |9 513312 
650 7 |a COLONIZACION PORTUGUESA  |2 CL-VaPUC  |9 403685 
650 0 |a Recursos naturales  |9 255232 
650 0 |a Comercio  |9 255341 
650 0 |a Utopías  |9 255961 
650 0 |a Iglesia Católica  |9 256114 
650 7 |a EVANGELIZACION  |2 CL-VaPUC  |9 513313 
650 0 |a Jesuitas  |9 268366 
650 7 |a MARTIRES  |2 CL-VaPUC  |9 406784 
650 7 |a GLOSARIO PORTUGUES  |2 CL-VaPUC  |9 513314 
650 7 |a PESOS Y MEDIDAS  |2 CL-VaPUC  |9 504825 
650 0 |a Mapas  |9 260844 
650 7 |a DESCRIPCION BIBLIOFILICA  |2 CL-VaPUC  |9 504580 
650 7 |a LIBRO RARO  |2 CL-VaPUC  |9 504169 
651 7 |a EL DORADO  |2 CL-VaPUC  |9 442700 
651 0 |a Brasil  |9 267393 
651 0 |a Paraguay  |9 255336 
651 0 |a Uruguay  |9 255194 
651 0 |a Ecuador  |9 258378 
583 |a last modification  |c 20070124 00:00:00  |k Rodrigo Vera 
999 |c 322627  |d 322625 
952 |0 0  |1 0  |4 0  |6 981_000000000000000_SOU_1810  |7 0  |8 X  |9 401667  |a FDOBUD  |b FDOBUD  |d 2019-11-22  |h v.1  |i 1049151  |o 981 SOU 1810  |p 1049151  |r 2019-11-22  |w 2019-11-22  |y BK_X  |k BUD 
952 |0 0  |1 0  |4 0  |6 981_000000000000000_SOU_1810  |7 0  |8 X  |9 401668  |a FDOBUD  |b FDOBUD  |d 2019-11-22  |h v.2  |i 104916K  |o 981 SOU 1810  |p 104916K  |r 2019-11-22  |w 2019-11-22  |y BK_X  |k BUD 
952 |0 0  |1 0  |4 0  |6 981_000000000000000_SOU_1810  |7 0  |8 X  |9 401669  |a FDOBUD  |b FDOBUD  |d 2019-11-22  |h v.3  |i 1049178  |o 981 SOU 1810  |p 1049178  |r 2019-11-22  |w 2019-11-22  |y BK_X  |k BUD